Normal view MARC view

Entry Personal Name

Number of records used in: 1

001 - CONTROL NUMBER

  • control field: 70426

003 - CONTROL NUMBER IDENTIFIER

  • control field: OSt

005 - DATE AND TIME OF LATEST TRANSACTION

  • control field: 20230201115737.0

008 - FIXED-LENGTH DATA ELEMENTS

  • fixed length control field: 230201|| aca||aabn | a|a d

040 ## - CATALOGING SOURCE

  • Original cataloging agency: OSt
  • Transcribing agency: OSt

100 ## - HEADING--PERSONAL NAME

  • Personal name: MURALIDHARA (G V)

670 ## - SOURCE DATA FOUND

  • Source citation: Work cat.: (OSt)226512: G V Muralidhara 70424, Security Analysis and Portfolio Management, 2009